| 000 | 00999nam a22002537a 4500 | ||
|---|---|---|---|
| 999 |
_c5704 _d5704 |
||
| 003 | OSt | ||
| 005 | 20251015115741.0 | ||
| 008 | 251015b ||||| |||| 00| 0 eng d | ||
| 020 |
_a9781474927802 _qbook set |
||
| 040 | _cKH8 | ||
| 082 | _aFIC STO | ||
| 100 |
_aStowell, Louie, _eauthor. |
||
| 245 |
_aStories of Vampires / _cLouie Stowell and illustrated by Gabo Leon Bernstein. |
||
| 260 |
_aEngland ; _bUsborne Publishing Ltd , _c2010. |
||
| 300 |
_a64 pages : _bcolour illustrations ; _c20 cm. |
||
| 490 |
_aUsborne Young Reading _vseries three |
||
| 520 | _a"I saw a glimpse of pointed teeth. They were about to sink into my neck..." In these three stories, young heroes and heroines meet pale and mysterious strangers. But whom should they trust? And will they survive the night? | ||
| 650 |
_aEasy reading _vfiction |
||
| 650 |
_aStory book _vfiction |
||
| 650 | _aYoung readers | ||
| 700 |
_aBernstein, Gabo Leon, _eillustrator. |
||
| 830 | _aUsborne Young Reading | ||
| 942 |
_2ddc _cFIC |
||